00485nam a2200193Ia 4500003000400000005001700004008004100021020001900062040000700081041000800088082002100096100001800117245005300135260003900188300002500227365001400252650001200266650001300278OSt20250624112005.0210423s2008 xx 000 0 und d a97814129258961 cAL aeng a001.4 223bREPI aAllen F Repko aInterdisciplinary researchb: process and theory aNew DelhibSage Publicationsc2008 axx,395bPBc25x18cm. b2263cINR aGeneral aResearch